Sbírka soudních rozhodnutí a stanovisek. Roč. 1971 (23)

Bibliographic Details
Format: Book
Language:Undetermined
Published: Praha Nejvyšší soud ČSSR 1971

MARC

LEADER 00000nam a2200000 a 4500
001 vtls001376003
003 SK-MaSNL
005 20260224111710.0
008 210928s1971 xx 0 und
035 |a SNK000329920 
040 |a SNK  |b slo  |c SNK  |e AACR2 
245 1 |a Sbírka soudních rozhodnutí a stanovisek. Roč. 1971 (23) 
260 |a Praha  |b Nejvyšší soud ČSSR  |c 1971 
958 |a OND 
999 |c 980367  |d 982297 
952 |a SNK  |b SNK  |y PREZ  |7 0  |p 17A0218000  |o snkČD 117/23/1971  |i snkČIP 1397/72  |8 0  |0 0  |1 0  |4 0  |d 1999-10-29  |l 0  |r 2005-01-02 00:00:00  |w 2026-02-24